00000000nam 2200000zi 4500
0019.947196
003CaOODSP
00520250121112730
006m    go  d f      
007cr |n|||||||||
008250121e199110  onca    o    f000 0 eng d
040 |aCaOODSP|beng|erda|cCaOODSP
043 |an-cn---
0861 |aCo24-3/11-6-1991E-PDF
24500|aEvaluation assessment report : |bcommunications development and planning.
24634|aCommunications development and planning : |bevaluation assessment
264 1|a[Ottawa] : |bGovernment of Canada, Department of Communications = Gouvernement du Canada, Ministère des Communications, |cOctober 1991.
300 |a1 online resource (22 pages, 6 unnumbered pages) : |bfigures.
336 |atext|btxt|2rdacontent
337 |acomputer|bc|2rdamedia
338 |aonline resource|bcr|2rdacarrier
4901 |aEvaluation assessment = Rapport préparatoire d'évaluation ; |v[6]
500 |aDigitized copy from print [produced by Innovation, Science and Economic Development Canada].
500 |a"DOC program evaluation series."
61010|aCanada. |bDepartment of Communications|xEvaluation.
61016|aCanada. |bMinistère des communications|xÉvaluation.
7101 |aCanada. |bDepartment of Communications, |eissuing body.
830#0|aEvaluation assessment = Rapport préparatoire d'évaluation ;|v[6]|w(CaOODSP)9.940712
85640|qPDF|s883 KB|uhttps://publications.gc.ca/collections/collection_2025/isde-ised/co24/Co24-3-11-6-1991-eng.pdf